<?xml version="1.0" encoding="UTF-8"?>
<record
    xmlns:xsi="http://www.w3.org/2001/XMLSchema-instance"
    xsi:schemaLocation="http://www.loc.gov/MARC21/slim http://www.loc.gov/standards/marcxml/schema/MARC21slim.xsd"
    xmlns="http://www.loc.gov/MARC21/slim">

  <leader>02285cam a22002894a 4500</leader>
  <controlfield tag="001">12388168</controlfield>
  <controlfield tag="003">OSt</controlfield>
  <controlfield tag="005">20230519101629.0</controlfield>
  <controlfield tag="008">010423s2002    maua     b    001 0 eng  </controlfield>
  <datafield tag="010" ind1=" " ind2=" ">
    <subfield code="a">  2001024810</subfield>
  </datafield>
  <datafield tag="020" ind1=" " ind2=" ">
    <subfield code="a">9781260665536</subfield>
  </datafield>
  <datafield tag="020" ind1=" " ind2=" ">
    <subfield code="a">1260665534</subfield>
  </datafield>
  <datafield tag="040" ind1=" " ind2=" ">
    <subfield code="a">DLC</subfield>
    <subfield code="c">DLC</subfield>
    <subfield code="d">DLC</subfield>
  </datafield>
  <datafield tag="042" ind1=" " ind2=" ">
    <subfield code="a">pcc</subfield>
  </datafield>
  <datafield tag="050" ind1="0" ind2="0">
    <subfield code="a">HF1416.I61</subfield>
  </datafield>
  <datafield tag="082" ind1="0" ind2="0">
    <subfield code="a">658.8/48</subfield>
    <subfield code="2">21</subfield>
  </datafield>
  <datafield tag="245" ind1="1" ind2="0">
    <subfield code="a">International marketing. /</subfield>
    <subfield code="c">Philip R. Cateora ...[et al].</subfield>
  </datafield>
  <datafield tag="250" ind1=" " ind2=" ">
    <subfield code="a">18th ed.</subfield>
  </datafield>
  <datafield tag="260" ind1=" " ind2=" ">
    <subfield code="a">New York :</subfield>
    <subfield code="b">McGraw-Hill,</subfield>
    <subfield code="c">2020.</subfield>
  </datafield>
  <datafield tag="300" ind1=" " ind2=" ">
    <subfield code="a">xxxii, 682 p. :</subfield>
    <subfield code="b">ill. (col.) ;</subfield>
  </datafield>
  <datafield tag="504" ind1=" " ind2=" ">
    <subfield code="a">Includes bibliographical references and indexes.</subfield>
  </datafield>
  <datafield tag="505" ind1=" " ind2=" ">
    <subfield code="a">Contents: Part One. An Overview --
1. The Scope and Challenge of International Marketing --
2. The Dynamic Environment of International Trade --

Part Two. The Cultural Environment of Global Markets --
3. History and Geography: The Foundations of Culture --
4. Cultural Dynamics in Assessing Global Markets --
5. Culture, Management Style, and Business Systems --
6. The Political Environment: A Critical Concern --
7. The International Legal Environment: Playing by the Rules --

Part Three. Assessing Global Market Opportunities --
8. Developing a Global Vision through Marketing Research --
9. Economic development and the Americas --
9. Europe, Africa, and the Middle East ---
10. Multinational Market Regions and Market Groups --

Part Four. Developing Global Marketing Strategies --
11. Global Marketing Management: Planning and Organization --
12. Products and Services for Consumers --
13. Products and Services for Businesses --
14. International Marketing Channels --
15. Exporting and Logistics: Special Issues for Business --
16. Integrated Marketing Communications and International Advertising --
17. Personal Selling and Sales Management --
18. Pricing for International Markets --

Part Five. Implementing Global Marketing Strategies --
19. Inventive negotiations with International Customers, Partners, and Regulators --

Part Six. Supplementary Material --
The Country Notebook --
A Guide for Developing a Marketing Plan --
Cases.</subfield>
  </datafield>
  <datafield tag="650" ind1=" " ind2="0">
    <subfield code="a">Export marketing.</subfield>
    <subfield code="9">1503</subfield>
  </datafield>
  <datafield tag="650" ind1=" " ind2="0">
    <subfield code="a">International business enterprises.</subfield>
    <subfield code="9">1504</subfield>
  </datafield>
  <datafield tag="700" ind1=" " ind2=" ">
    <subfield code="q">Cateora, Philip R.</subfield>
    <subfield code="9">1505</subfield>
  </datafield>
  <datafield tag="942" ind1=" " ind2=" ">
    <subfield code="2">lcc</subfield>
    <subfield code="c">BK</subfield>
  </datafield>
  <datafield tag="999" ind1=" " ind2=" ">
    <subfield code="c">9621</subfield>
    <subfield code="d">17121</subfield>
  </datafield>
  <datafield tag="952" ind1=" " ind2=" ">
    <subfield code="0">0</subfield>
    <subfield code="1">0</subfield>
    <subfield code="2">ddc</subfield>
    <subfield code="4">0</subfield>
    <subfield code="7">0</subfield>
    <subfield code="a">WIUC-KL</subfield>
    <subfield code="b">WIUC-KL</subfield>
    <subfield code="c">GEN</subfield>
    <subfield code="d">2023-05-18</subfield>
    <subfield code="o">HF1416.I61(18e)</subfield>
    <subfield code="p">K/3275/0373/23</subfield>
    <subfield code="r">2023-05-18 00:00:00</subfield>
    <subfield code="w">2023-05-18</subfield>
    <subfield code="y">BK</subfield>
  </datafield>
  <datafield tag="952" ind1=" " ind2=" ">
    <subfield code="0">0</subfield>
    <subfield code="1">0</subfield>
    <subfield code="2">ddc</subfield>
    <subfield code="4">0</subfield>
    <subfield code="7">0</subfield>
    <subfield code="a">WIUC-KL</subfield>
    <subfield code="b">WIUC-KL</subfield>
    <subfield code="c">GEN</subfield>
    <subfield code="d">2023-05-18</subfield>
    <subfield code="l">0</subfield>
    <subfield code="o">HF1416.I611(18e)</subfield>
    <subfield code="p">K/3271/0369/23</subfield>
    <subfield code="r">2023-05-22 00:00:00</subfield>
    <subfield code="w">2023-05-18</subfield>
    <subfield code="y">BK</subfield>
  </datafield>
</record>
